000 00565nam a2200181Ia 4500
003 GCL
008 140319s9999 xx 000 0 eng d
040 _aGCL /
_cGCL
082 0 4 _a004.019
_bS I
100 1 _aSMITH, WANDA J
245 1 0 _aISO AND ANSI: ECONOMIC STANDARDS FOR COMPUTER PRODUCTS: A GUIDE TO IMPLEMENTAION AND\ COMPLIANCE /
_cSMITH, WANDA J
260 _a[S.N] :
_bPRENTICE HALL PTR ،
_c1996
300 _a334 P
650 0 4 _aCOMPUTER SOFTWARE
650 0 4 _aELECTRONIC DIGITAL COMPUTERS
650 0 4 _aHUMAN FACTORS - STANDARDS
942 _2ddc
_cBK
999 _c13883
_d13883